[Event "Hessen-ch U14/18 Girls"]
[White "Rupp, Nicole"]
[Black "Schaefer, Jessica"]
[Site "Bad Homburg"]
[Round "7"]
[Result "1-0"]
[Date "2013.??.??"]
[WhiteElo "894"]
[BlackElo "823"]
[PlyCount "127"]
[EventDate "2013.03.??"]
[EventType "swiss"]
[EventRounds "7"]
[EventCountry "GER"]
[SourceTitle "EXT 2014"]
[Source "ChessBase"]
[SourceDate "2013.11.20"]
[SourceVersion "1"]
[SourceVersionDate "2013.11.20"]
[SourceQuality "1"]

1. Nf3 d5 2. g3 Nf6 3. d3 Bf5 4. Nbd2 e6 5. Bg2 Nc6 6. 0-0 Bd6 7. Re1 0-0 8. e4 dxe4 9. dxe4 Bg4 10. c3 e5 11. Qc2 Qd7 12. Nc4 Qe6 13. Ne3 Rad8 14. Nxg4 Nxg4 15. Be3 Nxe3 16. Rxe3 Bc5 17. Rd3 Rxd3 18. Qxd3 Rd8 19. Qe2 h6 20. b3 a5 21. Qc2 b5 22. Rc1 Ba3 23. Rd1 Bc5 24. Rc1 Bb6 25. Bf1 b4 26. cxb4 Nd4 27. Nxd4 exd4 28. bxa5 Bxa5 29. Bd3 g6 30. a3 c6 31. Qxc6 Qxc6 32. Rxc6 Bc3 33. b4 Bb2 34. a4 Ra8 35. a5 Bc3 36. Rb6 Kf8 37. a6 Kg7 38. Rb7 Bd2 39. a7 Rxa7 40. Rxa7 Bxb4 41. f4 h5 42. h3 Bc5 43. Rc7 Bb4 44. Bc4 Kh6 45. Rxf7 Ba5 46. e5 Bd8 47. e6 g5 48. e7 Bxe7 49. Rxe7 gxf4 50. gxf4 Kg6 51. Re4 Kf5 52. Rxd4 h4 53. Bd3+ Ke6 54. Kf2 Kf6 55. Rd5 Ke6 56. Ra5 Kf6 57. Ke3 Ke6 58. Ke4 Kf6 59. Ra6+ Kf7 60. Ke5 Ke7 61. Ra7+ Kf8 62. Ke6 Kg8 63. Kf6 Kf8 64. Ra8# 1-0

[Event "GER-chT U14 Girls"]
[White "Haas, Vanessa"]
[Black "Rupp, Nicole"]
[Site "Gross Doelln"]
[Round "5.4"]
[Result "1/2-1/2"]
[Date "2010.12.29"]
[WhiteElo "812"]
[BlackElo "790"]
[PlyCount "51"]
[EventDate "2010.12.27"]
[EventType "team-swiss"]
[EventRounds "7"]
[EventCountry "GER"]
[SourceTitle "CBM 140 Extra"]
[Source "ChessBase"]
[SourceDate "2011.03.01"]
[SourceVersion "1"]
[SourceVersionDate "2011.03.01"]
[SourceQuality "1"]
[WhiteTeam "Homburg Erbach"]
[BlackTeam "Langen"]
[WhiteTeamCountry "GER"]
[BlackTeamCountry "GER"]

1. d4 d5 2. Bf4 Bf5 3. e3 c6 4. Bd3 Bxd3 5. Qxd3 e6 6. Nf3 f5 7. h3 Nf6 8. 0-0 Ne4 9. c3 Nd7 10. Nbd2 Be7 11. Bg3 0-0 12. Rab1 Qe8 13. Nh4 Qh5 14. Ndf3 g5 15. Qe2 gxh4 16. Bf4 Rf7 17. Rfe1 Rg7 18. Ne5 Qe8 19. Bh6 Nxe5 20. Bxg7 Kxg7 21. dxe5 Qg6 22. f4 Rg8 23. Rbc1 Ng3 24. Qf3 Qh5 25. Qxh5 Nxh5 26. e4 1/2-1/2

[Event "GER-chT U14 Girls"]
[White "Rupp, Nicole"]
[Black "Thoelke, Nina"]
[Site "Gross Doelln"]
[Round "6.4"]
[Result "1-0"]
[Date "2010.12.29"]
[WhiteElo "790"]
[BlackElo "1054"]
[PlyCount "65"]
[EventDate "2010.12.27"]
[EventType "team-swiss"]
[EventRounds "7"]
[EventCountry "GER"]
[SourceTitle "CBM 140 Extra"]
[Source "ChessBase"]
[SourceDate "2011.03.01"]
[SourceVersion "1"]
[SourceVersionDate "2011.03.01"]
[SourceQuality "1"]
[WhiteTeam "Langen"]
[BlackTeam "Paderborn"]
[WhiteTeamCountry "GER"]
[BlackTeamCountry "GER"]

1. e4 e5 2. Nf3 Nc6 3. Bc4 Nf6 4. Nc3 Bc5 5. d3 d6 6. h3 0-0 7. Bg5 h6 8. Bh4 Re8 9. Nd5 Nd7 10. Bxd8 Rxd8 11. Qd2 Nf6 12. Nxc7 Bb4 13. c3 Ba5 14. Nxa8 Nb4 15. 0-0 Nc6 16. b4 Bb6 17. Nxb6 axb6 18. Qe3 Re8 19. Qxb6 Nd7 20. Qb5 Na7 21. Qa4 Nb6 22. Qxa7 Nxc4 23. dxc4 Re7 24. Qb8 Rc7 25. Qxc7 Be6 26. g4 b6 27. g5 Bxh3 28. Rfd1 Bg4 29. g6 fxg6 30. Kg2 h5 31. Rxd6 Kh8 32. Rxg6 Kh7 33. Qxg7# 1-0